| 000 | 00780nam a2200229 4500 | ||
|---|---|---|---|
| 001 | 111876 | ||
| 003 | ES-MaACL | ||
| 005 | 20230906185358.0 | ||
| 007 | t| | ||
| 008 | 061121s1983 sp r ||||1| spa d | ||
| 020 | _a84-500-8923-9 | ||
| 100 | 1 |
_aNavajas, Pablo. _985017 |
|
| 245 | 1 | 3 |
_aLa arquitectura vernácula en el territorio de Madrid / _cPablo Navajas. |
| 260 |
_aMadrid : _bDiputación, Area de Urbanismo y Ordenación Territorial, _cD.L. 1983. |
||
| 300 |
_a391 p. : _bil ; _c21 cm. |
||
| 490 | 1 | _aEstudios e investigaciones | |
| 504 | _aBibliografía. | ||
| 710 | 1 |
_aMadrid (Provincia). _bÁrea de Urbanismo y Ordenación Territorial. _95629 |
|
| 830 | 0 |
_aEstudios e investigaciones _9182319 |
|
| 852 |
_aES-MaACL _jL-8841 _bR.108505 |
||
| 999 |
_c111876 _d111876 |
||